| 000 | 00837nam a22002177a 4500 | ||
|---|---|---|---|
| 003 | NUST-PNEC | ||
| 005 | 20170116180727.0 | ||
| 008 | 141107b xxu||||| |||| 00| 0 eng d | ||
| 020 | _a8181475348 | ||
| 040 | _cPNEC | ||
| 082 | _a004.22 PAT | ||
| 100 |
_9945 _aPatterson, David A. |
||
| 245 |
_aComputer organization and design : the hardware/software interface _cDavid A. Petterson, John L. Hennessy |
||
| 250 | _a3rd ed. (South Asia edition) | ||
| 260 |
_aNew Delhi _bElsevier India Pvt. Ltd.,(morgan Kaufmann; Corners Dog Earred edition) _cc2005. |
||
| 300 |
_axvii, 621p. : _bill. ; _c24 cm. |
||
| 500 | _aIncludes Index | ||
| 650 | _xComputer, MIS | ||
| 856 | _uhttp://www.amazon.com/Computer-Organization-Design-3rd-Third/dp/B002FCLRHQ/ref=sr_1_1?s=books&ie=UTF8&qid=1415359185&sr=1-1&keywords=8181475348 | ||
| 942 |
_2ddc _cBK |
||
| 999 |
_c61674 _d61674 |
||